<?xml version="1.0" encoding="UTF-8"?>
<record
    xmlns:xsi="http://www.w3.org/2001/XMLSchema-instance"
    xsi:schemaLocation="http://www.loc.gov/MARC21/slim http://www.loc.gov/standards/marcxml/schema/MARC21slim.xsd"
    xmlns="http://www.loc.gov/MARC21/slim">

  <leader>00351    a2200133   4500</leader>
  <controlfield tag="005">20250628080426.0</controlfield>
  <datafield tag="020" ind1=" " ind2=" ">
    <subfield code="a">0-256-11719-8</subfield>
  </datafield>
  <datafield tag="082" ind1=" " ind2=" ">
    <subfield code="a">LM 621.381 NEA</subfield>
  </datafield>
  <datafield tag="100" ind1=" " ind2=" ">
    <subfield code="a">NEAMEN, D. A.</subfield>
  </datafield>
  <datafield tag="245" ind1=" " ind2=" ">
    <subfield code="a">Electronic Circuit Analysis and Design</subfield>
  </datafield>
  <datafield tag="260" ind1=" " ind2=" ">
    <subfield code="a">Boston,</subfield>
    <subfield code="b">McGraw-Hill,</subfield>
    <subfield code="c">1996.</subfield>
  </datafield>
  <datafield tag="300" ind1=" " ind2=" ">
    <subfield code="a">xxvii,1128p.: figure,</subfield>
    <subfield code="b">Index,</subfield>
    <subfield code="c">26cm.</subfield>
  </datafield>
  <datafield tag="942" ind1=" " ind2=" ">
    <subfield code="2">ddc</subfield>
    <subfield code="c">BKS</subfield>
  </datafield>
  <datafield tag="999" ind1=" " ind2=" ">
    <subfield code="c">2860</subfield>
    <subfield code="d">2860</subfield>
  </datafield>
  <datafield tag="952" ind1=" " ind2=" ">
    <subfield code="r">2025-05-29 16:24:38</subfield>
    <subfield code="l">0</subfield>
    <subfield code="o">LM 621.381 NEA</subfield>
    <subfield code="p">0000008242</subfield>
    <subfield code="v">697500.00</subfield>
    <subfield code="w">2025-05-29</subfield>
    <subfield code="y">BKS</subfield>
    <subfield code="1">0</subfield>
    <subfield code="2">ddc</subfield>
    <subfield code="4">0</subfield>
    <subfield code="7">0</subfield>
    <subfield code="0">0</subfield>
    <subfield code="a">CBEML</subfield>
    <subfield code="b">CBEML</subfield>
    <subfield code="c">GEN</subfield>
    <subfield code="d">2002-12-16</subfield>
    <subfield code="g">232500.00</subfield>
  </datafield>
  <datafield tag="952" ind1=" " ind2=" ">
    <subfield code="r">2025-05-29 16:24:38</subfield>
    <subfield code="l">0</subfield>
    <subfield code="o">LM 621.381 NEA</subfield>
    <subfield code="p">0000008243</subfield>
    <subfield code="v">697500.00</subfield>
    <subfield code="w">2025-05-29</subfield>
    <subfield code="y">BKS</subfield>
    <subfield code="1">0</subfield>
    <subfield code="2">ddc</subfield>
    <subfield code="4">0</subfield>
    <subfield code="7">0</subfield>
    <subfield code="0">0</subfield>
    <subfield code="a">CBEML</subfield>
    <subfield code="b">CBEML</subfield>
    <subfield code="c">GEN</subfield>
    <subfield code="d">2002-12-16</subfield>
    <subfield code="g">232500.00</subfield>
  </datafield>
  <datafield tag="952" ind1=" " ind2=" ">
    <subfield code="r">2025-05-29 16:24:38</subfield>
    <subfield code="l">0</subfield>
    <subfield code="o">LM 621.381 NEA</subfield>
    <subfield code="p">0000008244</subfield>
    <subfield code="v">697500.00</subfield>
    <subfield code="w">2025-05-29</subfield>
    <subfield code="y">BKS</subfield>
    <subfield code="1">0</subfield>
    <subfield code="2">ddc</subfield>
    <subfield code="4">0</subfield>
    <subfield code="7">0</subfield>
    <subfield code="0">0</subfield>
    <subfield code="a">CBEML</subfield>
    <subfield code="b">CBEML</subfield>
    <subfield code="c">GEN</subfield>
    <subfield code="d">2002-12-16</subfield>
    <subfield code="g">232500.00</subfield>
  </datafield>
</record>
